K PROBLEMATIKE INTERPERSONÁLNYCH VZŤAHOV UČITEĽ - ŽIAK

Bibliographic Details
Main Author: Gál, J. (Author)
Format: Article
Language:Slovak

MARC

LEADER 00000nab a2200000 a 4500
001 vtls011120224
003 SK-MaSNL
005 20260303145459.0
008 230222| xo |||||||||||||||||slo|
015 |a SNBRB 
035 |a (uuid)78f0a310-0abd-4f3c-892e-0b6f7e6d2d6a 
035 |a (urnnbn)urn:nbn:sk:snk:ar-a08pfn 
035 |a urn:nbn:sk:snk-ab9qxk 
040 |a SNKBUCL  |b slo  |c SNKBUCL  |e AACR2 
041 0 |a slo 
044 |a xo  |c SK 
100 1 |a Gál, J.  |4 aut  |9 824130 
245 1 0 |a K PROBLEMATIKE INTERPERSONÁLNYCH VZŤAHOV UČITEĽ - ŽIAK  |c J. Gál 
773 0 |t Pedagogické rozhľady : časopis pre školy a školské zariadenia  |g Roč. 5, č. 2 (1996-1997), s. 11-12 
954 |a odborná, vedecká literatúra pôvodná (slovenská)  |2 lita 
958 |a OND 
958 |a EUIPO 
958 |a article13 
999 |c 2003277  |d 2005207